000 00421cam a2200181 4500
001 D1236
008 090401t1968 xxu||||| |||| 00| 0 eng d
035 _a(Sirsi) u63200
041 _aeng
050 _a346.4104346
100 _aBarnes, D.M.W.
245 4 _aThe Leasehold Reform Act 1967
260 _aLondon
_bButterworths
_c1968
300 _axxii. 295p. 24cm
350 _a0
942 _n0
948 _c04/03/1997
999 _c94515
_d94515